000 01740cam a22003018i 4500
999 _c330431
_d330431
001 19745239
003 NUST
005 20170712102030.0
008 170621s2017 ilu 000 1 eng
010 _a 2017027751
020 _a9780747268475
040 _aDLC
_beng
_erda
_cDLC
042 _apcc
050 0 0 _aPR6063.A395
_bS54 2017
082 0 0 _a823.914
_bMAN
100 1 _aMansell, Jill,
_eauthor.
_93241
245 1 0 _aSheer mischief /
_cJill Mansell.
263 _a1801
264 1 _aNaperville, IL :
_bSourcebooks Landmark,
_c2017
300 _a504 p.
336 _atext
_btxt
_2rdacontent
337 _aunmediated
_bn
_2rdamedia
338 _avolume
_bnc
_2rdacarrier
520 _a"It's not that Janey Sinclair isn't happy to see her sister--she just wishes that she could have arrived in a less dramatic fashion. Waking up at seven a.m. to Maxine waiting at the door wearing a borrowed wedding dress and with a police escort wasn't how Janey planned to start her Sunday. Still, life's never dull when Maxine's around, and Janey, who's rebuilding her life, is delighted that her sister's back in town. So when Maxine sets her sights on glamorous fashion photographer Guy Cassidy, Janey knows there's no limit to the mischief her sister will make in order to dispatch the competition. Little do they know that the competition is a lot closer to home than they think..."--
_cProvided by publisher.
655 7 _aLove stories.
_2gsafd
_9418
906 _a7
_bcbc
_corignew
_d1
_eecip
_f20
_gy-gencatlg
942 _2ddc
_cBK